Love is a necessary evil / (Record no. 90174)

MARC details
000 -LEADER
fixed length control field 00492nam a22001817a 4500
005 - DATE AND TIME OF LATEST TRANSACTION
control field 20141201105916.0
010 ## - LCCN (DPL NO)
LC control number ENG-111302
020 ## - INTERNATIONAL STANDARD BOOK NUMBER
International Standard Book Number 9789382303398
Terms of availability 100.00
035 ## - SYSTEM CONTROL NUMBER
System control number EN-94834
037 ## - SOURCE OF ACQUISITION
Source of stock number/acquisition DBAD/PUB
082 ## - DEWEY DECIMAL CLASSIFICATION NUMBER
Classification number S
100 ## - MAIN ENTRY--PERSONAL NAME
Personal name Tashin Reza
245 ## - TITLE STATEMENT
Title Love is a necessary evil /
Statement of responsibility, etc by Tashin Reza
260 ## - PUBLICATION, DISTRIBUTION, ETC. (IMPRINT)
Place of publication, distribution, etc Kolkata
Name of publisher, distributor, etc Smriti Publishers
Date of publication, distribution, etc 2014
270 ## - ADDRESS
Address Oasis CF-41, Sector I, Salt Lake City
City Kolkata
Postal code 700009
300 ## - PHYSICAL DESCRIPTION
Extent 80p.
Dimensions 21cm(pbk)
942 ## - ADDED ENTRY ELEMENTS (KOHA)
Source of classification or shelving scheme Dewey Decimal Classification
Item type English Books
Call number suffix TAS
Classification part S
Holdings
Withdrawn status Lost status Not for loan Collection code Home library Current library Date acquired Source of acquisition Cost, normal purchase price Full call number Barcode Copy number Cost, replacement price Koha item type
    Not For Loan Fiction D.B.Act.Division D.B.Act.Division 19/11/2014 DBAD/PUB 100.00 S TAS EN-94834 1 100.00 English Books

© Delhi Public Library
Hit Counter
free hit counter